Los herederos de Zapata : movimientos campesinos posrevolucionarios en México /
Uloženo v:
| Hlavní autor: | |
|---|---|
| Médium: | Kniha |
| Jazyk: | španělština |
| Vydáno: |
México :
Era,
1986, c1985
|
| Edice: | (Problemas de México ;
40) |
| Témata: | |
| Tagy: |
Žádné tagy, Buďte první, kdo vytvoří štítek k tomuto záznamu!
|
MARC
| LEADER | 00000nam^a2200000^a^4500 | ||
|---|---|---|---|
| 001 | 000213881 | ||
| 005 | 20250521000000.0 | ||
| 009 | 20260310103538.379 | ||
| 037 | |a Acervo Xavier Clavigero | ||
| 041 | |a ESP | ||
| 082 | |a 322. 21 |b BAR | ||
| 100 | |a Bartra Vergés, Armando |e (autor) | ||
| 245 | 1 | 4 | |a Los herederos de Zapata : |b movimientos campesinos posrevolucionarios en México / |c A. Bartra Vergés. |
| 264 | 4 | |a México : |b Era, |c 1986, c1985 | |
| 300 | |a 164 p. | ||
| 336 | |a texto |b txt |2 rdacontenido | ||
| 337 | |a sin mediación |b n |2 rdamedio | ||
| 338 | |a volumen |b nc |2 rdasoporte | ||
| 440 | 1 | |a (Problemas de México ; |v 40) | |
| 649 | |a XX | ||
| 650 | |a Movimientos Campesinos - |z México - |x Historia - |y 1946-2000 - |x Tema Principal | ||
| 910 | |a Fondo General | ||
| 920 | |a Impresos - Libros | ||
| 930 | |a Colección General | ||
| 905 | |a 101 | ||
| 901 | |a 036759 |b IT1 |c ACC |i 036759 |u 20250521 | ||
| 901 | |a 0500319869 |b IT1 |c ACC |u 20250521 | ||
| 901 | |a 036407 |b IT1 |c ACC |u 20250521 | ||
| 901 | |a 036408 |b IT1 |c ACC |u 20250521 | ||
| 901 | |a 036764 |b IT1 |c ACC |u 20250521 | ||
| 902 | |a https://opac.biblio.iteso.mx/vufind/Record/000213881 | ||